Online
Catalog

La teoría de las corrientes educativas : (Record no. 1332)

MARC details
000 -CABECERA
campo de control de longitud fija 00804cam a2200241 a 4500
001 - NÚMERO DE CONTROL
campo de control 000001411
005 - FECHA Y HORA DE LA ÚLTIMA TRANSACCIÓN
campo de control 20250715130127.0
008 - DATOS DE LONGITUD FIJA--INFORMACIÓN GENERAL
campo de control de longitud fija 840822s1974 sp 000 0 spa
020 ## - NÚMERO INTERNACIONAL ESTÁNDAR DEL LIBRO
Número Internacional Estándar del Libro 8473530160
040 ## - FUENTE DE LA CATALOGACIÓN
Centro catalogador/agencia de origen DO-SdBNP
Centro/agencia transcriptor CarP
Centro/agencia modificador DLC
082 ## - NÚMERO DE LA CLASIFICACIÓN DECIMAL DEWEY
Número de clasificación 370. 9
Número de documento/Ítem R811t, 1974
100 1# - ENTRADA PRINCIPAL--NOMBRE DE PERSONA
Nombre de persona Roselló, Pedro
Fechas asociadas al nombre 1897-
9 (RLIN) 4719
245 13 - MENCIÓN DE TÍTULO
Título La teoría de las corrientes educativas :
Resto del título cursillo de educación comparada dinámica /
Mención de responsabilidad, etc. Pedro Roselló ; prólogo de José Blat Gimeno.
250 ## - MENCIÓN DE EDICIÓN
Mención de edición 2a ed.
260 ## - PUBLICACIÓN, DISTRIBUCIÓN, ETC.
Lugar de publicación, distribución, etc. Barcelona :
Nombre del editor, distribuidor, etc. Promoción Cultural,
Fecha de publicación, distribución, etc. 1974.
300 ## - DESCRIPCIÓN FÍSICA
Extensión 19 p. ;
Dimensiones 26 cm.
650 #0 - PUNTO DE ACCESO ADICIONAL DE MATERIA--TÉRMINO DE MATERIA
Término de materia o nombre geográfico como elemento de entrada Educación
9 (RLIN) 51588
650 #4 - PUNTO DE ACCESO ADICIONAL DE MATERIA--TÉRMINO DE MATERIA
Término de materia o nombre geográfico como elemento de entrada Educación intercultural
9 (RLIN) 4721
650 #0 - PUNTO DE ACCESO ADICIONAL DE MATERIA--TÉRMINO DE MATERIA
Término de materia o nombre geográfico como elemento de entrada Educación comparada
9 (RLIN) 4722
700 1# - PUNTO DE ACCESO ADICIONAL--NOMBRE DE PERSONA
Nombre de persona Blat Gimeno, José,
Término indicativo de función/relación pról.
9 (RLIN) 4723
910 ## - DATOS DE OPCIÓN DEL USUARIO (OCLC)
Datos de opción del usuario Catalogación por copia / LC
910 ## - DATOS DE OPCIÓN DEL USUARIO (OCLC)
Datos de opción del usuario WM
Holdings
Estado de retiro Estado de pérdida Restricciones de uso No para préstamo Código de colección Localización permanente Ubicación/localización actual Ubicación en estantería Fecha de adquisición Número de inventario Total de préstamos Signatura topográfica completa Código de barras Fecha visto por última vez Precio válido a partir de Tipo de ítem Koha
    Préstamo interno   Monografías: Libros y Folletos General General Depósito 20.07.2009 LF1   370. 9 R811t, 1974 1411-10 25.06.2020 25.06.2020 Préstamo interno

Powered by Koha